| 000 | 00817nam a2200193Ia 4500 | ||
|---|---|---|---|
| 008 | 151121s9999||||xx |||||||||||||| ||und|| | ||
| 082 | _a920/पांडे | ||
| 082 | _bHNW-113533 | ||
| 100 | _aपांडे सुरुचि | ||
| 245 | _aस्वामी विवेकानंद समग्र चरित्र -2 | ||
| 260 | _b"विवेकानंद केन्द्र मराठी प्रकाशन, पुणे।" | ||
| 260 | _c2013 | ||
| 300 | _a688 | ||
| 600 | _aपांडे सुरुचि | ||
| 630 | _aस्वामी विवेकानंद समग्र चरित्र -2 | ||
| 700 | _aपांडे सुरुचि | ||
| 730 | _aस्वामी विवेकानंद समग्र चरित्र -2 | ||
| 942 | _cBOOK | ||
| 999 |
_c1262638 _d1262635 |
||